000 00325nam a2200097Ia 4500
008 220120s9999||||xx |||||||||||||| ||und||
100 _aPallavi Harish, B and Varshini, B.P
_912364
245 0 _aFM based PC controling system
260 _aCoorg Institute of Technology
_bPonnampet
_c2011
650 _aELECTRONICS AND COMMUNICATIONS
999 _c137950
_d137950